| 000 | 00396nam a2200121Ia 4500 | ||
|---|---|---|---|
| 008 | 160609s9999 xx 000 0 und d | ||
| 100 | _aHughes, Michael. | ||
| 245 | _aDigital Filmmaking for Beginners: A Practical Guide to Video Production | ||
| 245 | _cBy:Michael Hughes | ||
| 260 | _c2012 | ||
| 650 | _xVIDEO PRODUCTION AND DIRECTION | ||
| 856 | _uhttp://file.ebook777.com/011/9780071791366.pdf | ||
| 999 |
_c295649 _d295649 |
||